[Event "4NCL Division Two"]
[Site "Milton Keynes, ENG"]
[Date "2023.04.29"]
[Round "9.33"]
[White "Richardson, John R"]
[Black "Walker, Samuel A"]
[Result "1/2-1/2"]
[WhiteElo "2278"]
[BlackElo "2209"]
[PlyCount "60"]
[EventDate "2023.04.29"]
[WhiteTeam "The ADs"]
[BlackTeam "Sussex Martlets 1"]

1. d4 Nf6 2. c4 g6 3. Nf3 Bg7 4. g3 c6 5. Bg2 d5 6. cxd5 cxd5 7. Nc3 O-O 8. Ne5
Ne4 9. O-O Bf5 10. g4 Be6 11. Nxe4 dxe4 12. Bxe4 Nc6 13. Nxc6 bxc6 14. Bxc6 Rc8
15. d5 Bxg4 16. Qd3 e6 17. Rd1 exd5 18. Bxd5 Qe7 19. f3 Be6 20. Bxe6 Qxe6 21.
Bf4 Rc4 22. e3 h6 23. Rd2 Re8 24. Rad1 g5 25. Bg3 g4 26. f4 Re4 27. Bf2 a5 28.
b3 a4 29. Qd7 a3 30. Qxe6 R4xe6 1/2-1/2

[Event "4NCL Division Two"]
[Site "Milton Keynes, ENG"]
[Date "2023.04.29"]
[Round "9.34"]
[White "Graham, David B"]
[Black "Snape, Ian L"]
[Result "1-0"]
[WhiteElo "2206"]
[BlackElo "2173"]
[PlyCount "127"]
[EventDate "2023.04.29"]
[WhiteTeam "Sussex Martlets 1"]
[BlackTeam "The ADs"]

1. e4 c5 2. Nf3 d6 3. d4 cxd4 4. Nxd4 Nf6 5. Nc3 a6 6. Bc4 e6 7. Bb3 Nbd7 8.
O-O Nc5 9. Bg5 Be7 10. Qf3 Qc7 11. Rfe1 b5 12. Nf5 exf5 13. Bxf6 Bxf6 14. exf5+
Be5 15. Qxa8 O-O 16. Nd5 Qd7 17. Qc6 Qxc6 18. Ne7+ Kh8 19. Nxc6 Bxb2 20. Rad1
Bxf5 21. Rxd6 Nxb3 22. cxb3 g6 23. h3 Bc3 24. Rc1 Bb2 25. Rcd1 Ba3 26. Rd8 Be4
27. Rxf8+ Bxf8 28. Ne5 Kg7 29. Rd7 Bb1 30. a4 Bc2 31. axb5 axb5 32. Rxf7+ Kg8
33. Rb7 Bxb3 34. Rxb5 Bc2 35. Rb8 Kg7 36. Rb7+ Kg8 37. g4 Be4 38. Rd7 g5 39.
Rd8 Kg7 40. Rd7+ Kg8 41. f3 Bb1 42. Kg2 h6 43. Nc6 Bc2 44. Ne7+ Kf7 45. Nf5+
Kg6 46. Rd8 Kf7 47. Rc8 Bb1 48. Rc6 h5 49. Nh6+ Bxh6 50. Rxh6 hxg4 51. hxg4 Bg6
52. Rh1 Kf6 53. Kg3 Ke5 54. Ra1 Bd3 55. Ra5+ Kf6 56. Kf2 Bc4 57. Ke3 Kg6 58.
Rc5 Bf1 59. Rc6+ Kf7 60. Rb6 Ke7 61. Ke4 Be2 62. Rb2 Bc4 63. Kf5 Bd5 64. Rf2
1-0

[Event "4NCL Division Two"]
[Site "Milton Keynes, ENG"]
[Date "2023.04.29"]
[Round "9.35"]
[White "Duggan, John E"]
[Black "Willson, Ollie"]
[Result "1/2-1/2"]
[WhiteElo "2137"]
[BlackElo "2135"]
[PlyCount "81"]
[EventDate "2023.04.29"]
[WhiteTeam "The ADs"]
[BlackTeam "Sussex Martlets 1"]

1. d4 Nf6 2. Nf3 e6 3. e3 d5 4. c4 Bd6 5. Nc3 O-O 6. Bd3 c5 7. dxc5 Bxc5 8. O-O
Nc6 9. a3 dxc4 10. Bxc4 Qe7 11. b4 Bd6 12. Bb2 b6 13. Qe2 Bb7 14. Rfd1 Rac8 15.
Ba6 Rfd8 16. Bxb7 Qxb7 17. Nb5 Bb8 18. Rxd8+ Rxd8 19. Rd1 Rd7 20. Qc2 Rxd1+ 21.
Qxd1 Qd7 22. Qc2 e5 23. Nc3 h6 24. Ne2 Qe6 25. Nd2 Ne8 26. e4 Ne7 27. Qc4 Qd7
28. Qc2 Ng6 29. g3 Kh7 30. Nf1 Nf6 31. Ne3 Qh3 32. Nc3 Ng4 33. Nxg4 Qxg4 34.
Qd1 Qxd1+ 35. Nxd1 Ne7 36. f3 Kg6 37. Kf2 Kf6 38. Ke3 Ke6 39. Kd3 Nc8 40. Ne3
g6 41. Nc4 1/2-1/2

[Event "4NCL Division Two"]
[Site "Milton Keynes, ENG"]
[Date "2023.04.29"]
[Round "9.36"]
[White "Grant, David J"]
[Black "Baltrunas, Evaldas"]
[Result "1-0"]
[WhiteElo "2209"]
[BlackElo "2062"]
[PlyCount "73"]
[EventDate "2023.04.29"]
[WhiteTeam "Sussex Martlets 1"]
[BlackTeam "The ADs"]

1. d4 d5 2. Nf3 Nf6 3. Bf4 c5 4. e3 Nc6 5. Nbd2 cxd4 6. exd4 g6 7. Bd3 Bg7 8.
c3 Nh5 9. Be5 f6 10. Bg3 Nxg3 11. hxg3 e5 12. dxe5 fxe5 13. Rxh7 e4 14. Rxg7
Qf6 15. Rc7 Kd8 16. Rxc8+ Kxc8 17. Be2 exf3 18. Nxf3 Rh1+ 19. Bf1 Qe6+ 20. Kd2
Kc7 21. Qa4 Rf8 22. Re1 Qd6 23. a3 Qc5 24. Bd3 Qxf2+ 25. Re2 Qxg3 26. Kc2 Qd6
27. Qg4 Qf4 28. Qxg6 Rc1+ 29. Kb3 Rd1 30. Ng5 Nd8 31. Re7+ Kb8 32. Nh3 Qf6 33.
Qg3+ Ka8 34. Rd7 Qc6 35. Rc7 Rxd3 36. Rxc6 Rxg3 37. Rc8# 1-0

[Event "4NCL Division Two"]
[Site "Milton Keynes, ENG"]
[Date "2023.04.29"]
[Round "9.37"]
[White "Gamal, Alaa"]
[Black "Forster, Matthew"]
[Result "0-1"]
[WhiteElo "1908"]
[BlackElo "2119"]
[PlyCount "124"]
[EventDate "2023.04.29"]
[WhiteTeam "The ADs"]
[BlackTeam "Sussex Martlets 1"]

1. d4 d5 2. Nc3 g6 3. e4 dxe4 4. Nxe4 Bg7 5. Be3 Nd7 6. Qd2 b6 7. O-O-O Bb7 8.
f3 h5 9. Nh3 Ngf6 10. Nhg5 Nd5 11. Bc4 N7f6 12. Qe2 Qd7 13. Bd2 O-O 14. h3 Rac8
15. g4 c5 16. dxc5 Qc7 17. Be1 Nf4 18. Qh2 Nxe4 19. Nxe4 Bxe4 20. fxe4 Qxc5 21.
Ba6 Be5 22. Qf2 Rcd8 23. Rxd8 Rxd8 24. Qxc5 bxc5 25. Ba5 Rd7 26. Bc8 Rd4 27.
Bb7 Ra4 28. Bd8 Rxa2 29. Kd2 Rxb2 30. Bxe7 Rxb7 31. Bxc5 hxg4 32. hxg4 Ne6 33.
Be3 Bf4 34. c4 Bxe3+ 35. Kxe3 Kf8 36. Rc1 Rc7 37. e5 Ke7 38. Ke4 a5 39. Kd5
Rc5+ 40. Ke4 a4 41. Rc3 Ra5 42. Ra3 Nc5+ 43. Kd4 Ke6 44. Kc3 Nd7 45. Kb4 Rxe5
46. Rxa4 Re4 47. Ra6+ Ke7 48. Kb5 Rxg4 49. c5 Rg5 50. Ra7 Rxc5+ 51. Kb4 Rc1 52.
Kb3 g5 53. Kb2 Rc5 54. Ra4 f5 55. Ra1 g4 56. Re1+ Kf6 57. Rd1 Ne5 58. Rd8 g3
59. Rf8+ Kg5 60. Rg8+ Ng6 61. Re8 g2 62. Re1 f4 0-1

[Event "4NCL Division Two"]
[Site "Milton Keynes, ENG"]
[Date "2023.04.29"]
[Round "9.38"]
[White "Graham, Cassie M"]
[Black "Walsh, Marcus"]
[Result "1-0"]
[WhiteElo "1997"]
[BlackElo "1928"]
[PlyCount "65"]
[EventDate "2023.04.29"]
[WhiteTeam "Sussex Martlets 1"]
[BlackTeam "The ADs"]

1. e4 c5 2. Nf3 d6 3. d4 cxd4 4. Nxd4 Nf6 5. Nc3 g6 6. f3 Bg7 7. Be3 O-O 8. Qd2
Nc6 9. O-O-O d5 10. exd5 Nxd5 11. Nxc6 bxc6 12. Bd4 e5 13. Bc5 Be6 14. Ne4 Re8
15. h4 Nf4 16. Qe1 Qc7 17. g3 Nd5 18. g4 f5 19. gxf5 Bxf5 20. Bc4 Rad8 21. h5
Re6 22. hxg6 Rxg6 23. Rh5 Bh6+ 24. Kb1 Be6 25. Qh4 Bg7 26. Kc1 Re8 27. Rxh7 Nf4
28. Bxe6+ Nxe6 29. Bd6 Qb6 30. Rxg7+ Nxg7 31. Bc5 Qa5 32. a3 Nf5 33. Qh5 1-0

[Event "4NCL Division Two"]
[Site "Milton Keynes, ENG"]
[Date "2023.04.29"]
[Round "9.41"]
[White "Chan, Kim Yew"]
[Black "Jackson, James P"]
[Result "0-1"]
[WhiteElo "2390"]
[BlackElo "2393"]
[PlyCount "96"]
[EventDate "2023.04.29"]
[WhiteTeam "SchachAttack"]
[BlackTeam "The Rookies"]

1. Nf3 Nf6 2. c4 g6 3. d4 Bg7 4. g3 O-O 5. Bg2 d6 6. Nc3 c5 7. O-O Nc6 8. dxc5
dxc5 9. Be3 Be6 10. Qa4 Nd4 11. Rac1 a6 12. Qd1 Ng4 13. Bf4 Bxc4 14. Nxd4 cxd4
15. Na4 e5 16. Bd2 Bb5 17. Bxb7 Rb8 18. Bg2 Qe7 19. Nc5 Rfc8 20. b4 Qa7 21. a4
Be8 22. Bh3 f5 23. Qb3+ Bf7 24. Qd3 a5 25. Qa6 Qe7 26. Qxa5 e4 27. Bf4 Ne5 28.
Na6 Ra8 29. Bxe5 Bxe5 30. b5 Rxc1 31. Rxc1 Qa3 32. Rf1 Qc3 33. Qb6 Rc8 34. Qb7
Qc4 35. Nb4 Rb8 36. Qe7 Re8 37. Qg5 Qxb4 38. Bxf5 Bg7 39. Bd7 Qe7 40. Qxe7 Rxe7
41. Bc6 Bc4 42. Re1 Re6 43. Rc1 Bb3 44. Bb7 d3 45. exd3 exd3 46. Rc8+ Bf8 47.
Bf3 d2 48. a5 Bd5 0-1

[Event "4NCL Division Two"]
[Site "Milton Keynes, ENG"]
[Date "2023.04.29"]
[Round "9.42"]
[White "Compton, Alistair"]
[Black "Fan, Allen Chi Zhou"]
[Result "0-1"]
[WhiteElo "2118"]
[BlackElo "2147"]
[PlyCount "68"]
[EventDate "2023.04.29"]
[WhiteTeam "The Rookies"]
[BlackTeam "SchachAttack"]

1. e4 Nf6 2. Nc3 d5 3. e5 d4 4. exf6 dxc3 5. bxc3 exf6 6. d4 Bd6 7. Bd3 Nc6 8.
Qf3 Ne7 9. Ne2 c6 10. c4 O-O 11. O-O Ng6 12. c3 c5 13. Rd1 Qc7 14. Qh5 Re8 15.
Be3 b6 16. d5 Re5 17. Qf3 h5 18. h3 Nh4 19. Qg3 Nf5 20. Bxf5 Bxf5 21. Bf4 Rae8
22. Bxe5 Rxe5 23. Qf3 Be4 24. Qf4 Qe7 25. Qd2 Rg5 26. g3 h4 27. Qe3 hxg3 28.
fxg3 Re5 29. Qf2 Rf5 30. Qh2 Bc2 31. Rf1 Qe3+ 32. Rf2 Rg5 33. Kf1 Bd3 34. Re1
Bxg3 0-1

[Event "4NCL Division Two"]
[Site "Milton Keynes, ENG"]
[Date "2023.04.29"]
[Round "9.43"]
[White "Alizada, Eldar"]
[Black "Burrows, Martin P"]
[Result "1-0"]
[WhiteElo "2096"]
[BlackElo "2121"]
[PlyCount "59"]
[EventDate "2023.04.29"]
[WhiteTeam "SchachAttack"]
[BlackTeam "The Rookies"]

1. d4 Nf6 2. c4 e6 3. Nc3 Bb4 4. Qc2 d5 5. e3 c5 6. dxc5 O-O 7. Nf3 Nc6 8. a3
Bxc5 9. cxd5 exd5 10. b4 Bb6 11. Be2 Bg4 12. O-O Rc8 13. Bb2 Qe7 14. Rac1 Rfd8
15. Qb1 Ne4 16. Nxe4 dxe4 17. Nd4 Bxe2 18. Nxe2 f5 19. Rfd1 Ne5 20. Rxc8 Rxc8
21. Nf4 Ng4 22. Qa2+ Kh8 23. Nh5 Rg8 24. Qd5 Qg5 25. Nxg7 Rxg7 26. Qf7 Nf6 27.
Qf8+ Ng8 28. g3 Qe7 29. Qxe7 Nxe7 30. Rd7 1-0

[Event "4NCL Division Two"]
[Site "Milton Keynes, ENG"]
[Date "2023.04.29"]
[Round "9.44"]
[White "Byron, Alan M"]
[Black "Nicholas, Koichi B"]
[Result "0-1"]
[WhiteElo "2181"]
[BlackElo "2173"]
[PlyCount "86"]
[EventDate "2023.04.29"]
[WhiteTeam "The Rookies"]
[BlackTeam "SchachAttack"]

{[%evp 0,22,30,30,30,3,-5,-11,28,-29,-29,-12,0,-38,-31,-28,10,-8,-9,-11,-8,-15,
-22,-46,-37]} 1. e4 e5 2. Nf3 Nc6 3. Bb5 a6 4. Ba4 Nf6 5. O-O Be7 6. Re1 b5 7.
Bb3 O-O 8. h3 d5 9. exd5 Nxd5 10. Nxe5 Nxe5 11. Rxe5 Nb6 12. d3 c5 13. c3 Bb7
14. Nd2 Qc7 15. Re1 Rae8 16. Nf3 Qc6 17. Bf4 Bf6 18. Rxe8 Rxe8 19. Qd2 Rd8 20.
Qe2 a5 21. a3 a4 22. Bc2 b4 23. Bd2 b3 24. Bd1 Nd7 25. Qf1 Be5 26. Be2 Bc7 27.
d4 Qd6 28. g3 Bb6 29. Bf4 Qg6 30. dxc5 Nxc5 31. Rd1 Qc2 32. Rxd8+ Bxd8 33. Be3
Be7 34. Bc1 Bxf3 35. Bxf3 Nd3 36. Be3 Nxb2 37. Bd4 Qd3 38. Qe1 Bf8 39. Kg2 Nc4
40. Qe8 Nd6 41. Qe2 Qxe2 42. Bxe2 b2 43. Bd3 Nc4 0-1

[Event "4NCL Division Two"]
[Site "Milton Keynes, ENG"]
[Date "2023.04.29"]
[Round "9.45"]
[White "Hng, Mei-En Emmanuelle"]
[Black "Okhai, Shabir"]
[Result "1/2-1/2"]
[WhiteElo "2118"]
[BlackElo "2127"]
[PlyCount "79"]
[EventDate "2023.04.29"]
[WhiteTeam "SchachAttack"]
[BlackTeam "The Rookies"]

1. e4 e5 2. Nf3 Nc6 3. Bb5 a6 4. Ba4 Nf6 5. O-O Be7 6. Re1 b5 7. Bb3 d6 8. h3
Na5 9. d3 O-O 10. Nbd2 c5 11. Nf1 Nxb3 12. axb3 Nd7 13. Ne3 Nb6 14. Bd2 b4 15.
Qe2 a5 16. Nc4 Nxc4 17. dxc4 f5 18. Qd3 Kh8 19. c3 Bb7 20. exf5 e4 21. Rxe4
Bxe4 22. Qxe4 Bf6 23. Rd1 bxc3 24. Bxc3 Bxc3 25. bxc3 Qf6 26. g4 Rad8 27. Kg2
Qxc3 28. Ng5 h6 29. Ne6 Rfe8 30. Rd3 Qf6 31. Qd5 Rc8 32. Qxd6 g6 33. Qd5 gxf5
34. gxf5 Rg8+ 35. Kh2 Qb2 36. Rd2 Qa1 37. Rd1 Qf6 38. Rd3 Qb2 39. Rd2 Qa1 40.
Rd1 1/2-1/2

[Event "4NCL Division Two"]
[Site "Milton Keynes, ENG"]
[Date "2023.04.29"]
[Round "9.46"]
[White "Jones, Christopher M"]
[Black "Waller, Dan"]
[Result "1-0"]
[WhiteElo "2117"]
[BlackElo "2164"]
[PlyCount "57"]
[EventDate "2023.04.29"]
[WhiteTeam "The Rookies"]
[BlackTeam "SchachAttack"]

1. e4 c5 2. Nc3 g6 3. g3 Bg7 4. Bg2 Nc6 5. Nge2 d6 6. O-O Rb8 7. d3 b5 8. a3 a5
9. f4 b4 10. axb4 axb4 11. Nd5 e6 12. Ne3 Nd4 13. Nxd4 Bxd4 14. Qe1 Ne7 15. c3
Bg7 16. f5 Nc6 17. f6 Bh6 18. Nc4 Bxc1 19. Qxc1 e5 20. Qh6 Be6 21. Ra6 Kd7 22.
Bh3 Bxh3 23. Qxh3+ Kc7 24. Ne3 Qc8 25. Nd5+ Kb7 26. Rb6+ Ka8 27. Ra1+ Na7 28.
Rba6 Qxh3 29. Rxa7# 1-0

[Event "4NCL Division Two"]
[Site "Milton Keynes, ENG"]
[Date "2023.04.29"]
[Round "9.47"]
[White "Burrows, Nick"]
[Black "Gibson, Christopher A"]
[Result "1-0"]
[WhiteElo "2034"]
[BlackElo "1841"]
[PlyCount "87"]
[EventDate "2023.04.29"]
[WhiteTeam "SchachAttack"]
[BlackTeam "The Rookies"]

{[%evp 0,17,30,13,59,58,108,21,22,10,10,2,4,3,23,17,33,33,33,49]} 1. c4 c5 2.
Nc3 Nc6 3. g3 g6 4. Bg2 Bg7 5. e3 d6 6. Nge2 Nf6 7. O-O O-O 8. d4 cxd4 9. exd4
Bf5 10. h3 Qc8 11. Kh2 e5 12. Be3 exd4 13. Nxd4 Nxd4 14. Bxd4 Qxc4 15. Rc1 Bd3
16. Bxf6 Bxf1 17. Bxf1 Qc5 18. Ne4 Qf5 19. Bxg7 Kxg7 20. Qd4+ Qe5 21. Qxe5+
dxe5 22. Rc7 b6 23. Ng5 Kg8 24. Nxf7 Rac8 25. Nh6+ Kh8 26. Nf7+ Kg8 27. Rxc8
Rxc8 28. Nxe5 Rc2 29. Nd3 Kf7 30. Kg2 a5 31. Kf3 Kf6 32. h4 h6 33. Ke3 g5 34.
hxg5+ hxg5 35. Bh3 b5 36. a3 b4 37. axb4 axb4 38. Bd7 Rc7 39. Bg4 Rb7 40. Bf3
Rb5 41. Bc6 Rb6 42. Bd5 Kf5 43. b3 Rb8 44. Kd4 1-0

[Event "4NCL Division Two"]
[Site "Milton Keynes, ENG"]
[Date "2023.04.29"]
[Round "9.48"]
[White "Pyun, Lindsay"]
[Black "Moyse, Nigel John"]
[Result "0-1"]
[WhiteElo "1827"]
[BlackElo "2003"]
[PlyCount "182"]
[EventDate "2023.04.29"]
[WhiteTeam "The Rookies"]
[BlackTeam "SchachAttack"]

1. e4 d6 2. d4 Nf6 3. Nc3 g6 4. Nf3 Bg7 5. Be3 c6 6. Qd2 Nbd7 7. Bh6 O-O 8. h4
e5 9. dxe5 Bxh6 10. Qxh6 Ng4 11. Qd2 dxe5 12. g3 Qf6 13. Bg2 Nb6 14. Qg5 Qd6
15. O-O f6 16. Qd2 Qe7 17. Qe2 Be6 18. b3 Qc5 19. Nd1 Rad8 20. Nb2 Rd6 21. Rfd1
Rfd8 22. Rxd6 Rxd6 23. Nd3 Qc3 24. Rd1 Nd7 25. Qd2 Qxd2 26. Rxd2 a5 27. Kf1 b6
28. Ke1 Kf8 29. Ng1 Ke7 30. Bh3 f5 31. Bxg4 fxg4 32. Ne2 Kf6 33. Nc3 b5 34. Ke2
Rd4 35. Ke3 Bf7 36. Ne2 Rd6 37. Nc3 h6 38. Rd1 Ke6 39. Re1 Kf6 40. Rf1 Ke7 41.
Rd1 Rf6 42. Kd2 Kd6 43. Ke2 Kc7 44. a3 Re6 45. Rf1 Re7 46. Ke3 Be6 47. f3 gxf3
48. Rxf3 Rf7 49. Rxf7 Bxf7 50. Nd1 c5 51. N1b2 c4 52. bxc4 bxc4 53. Nf2 Be6 54.
Kd2 Kc6 55. Kc3 Kc5 56. Nfd1 Nf6 57. Nf2 Ne8 58. Nbd1 Nd6 59. a4 Bd7 60. Nb2
Bc6 61. Kd2 Nxe4+ 62. Nxe4+ Bxe4 63. c3 Bb1 64. Ke3 Bc2 65. Kd2 Bb3 66. Ke3 Kd5
67. Kf3 e4+ 68. Kf4 g5+ 69. hxg5 hxg5+ 70. Ke3 Ke5 71. g4 Kd5 72. Kd2 Ba2 73.
Nd1 Ke5 74. Ke3 Bb1 75. Nb2 Bd3 76. Nd1 Bc2 77. Nf2 Bxa4 78. Nxe4 Bb3 79. Nd2
a4 80. Nb1 Bd1 81. Na3 Kd5 82. Nb5 Bxg4 83. Na3 Bd1 84. Kd2 Bb3 85. Ke3 Ke5 86.
Nb5 Kf5 87. Kf3 Bd1+ 88. Kg3 Ke4 89. Na3 Kd3 90. Nb5 Kc2 91. Kf2 Kb2 0-1

[Event "4NCL Division Two"]
[Site "Milton Keynes, ENG"]
[Date "2023.04.29"]
[Round "9.51"]
[White "Claridge-Hansen, William"]
[Black "Crocker, Philip J"]
[Result "1-0"]
[WhiteElo "2345"]
[BlackElo "2196"]
[PlyCount "113"]
[EventDate "2023.04.29"]
[WhiteTeam "Oxford 1"]
[BlackTeam "Spirit of Atticus"]

1. c4 e5 2. g3 c6 3. Nf3 e4 4. Nd4 d5 5. cxd5 Qxd5 6. Nc2 Qe5 7. Nc3 Nf6 8. Bg2
Be7 9. Ne3 Na6 10. a3 O-O 11. Qc2 Nc5 12. b4 Ne6 13. Bb2 Nd4 14. Qb1 Be6 15.
Nxe4 Rad8 16. f4 Qh5 17. Bxd4 Rxd4 18. Bf3 Qh6 19. Ng5 Bc8 20. Nf5 Bxf5 21.
Qxf5 Ne8 22. e3 Rd8 23. h4 Nd6 24. Qc2 Rfe8 25. Kf2 Qg6 26. Qxg6 hxg6 27. d4
Bxg5 28. hxg5 Nc4 29. Rhe1 Re7 30. Re2 Rde8 31. e4 Rd8 32. d5 cxd5 33. exd5
Red7 34. Rc2 Nb6 35. Rd1 Kf8 36. Rc5 Rd6 37. Rc7 R8d7 38. Rc5 Rd8 39. Rd4 Nc8
40. a4 b6 41. Rc7 R6d7 42. Rxd7 Rxd7 43. Bg4 Rd8 44. Bxc8 Rxc8 45. d6 Rc2+ 46.
Ke3 Ke8 47. Re4+ Kd7 48. Re7+ Kxd6 49. Rxf7 Rc4 50. Rxa7 Rxb4 51. Rxg7 Rxa4 52.
Rxg6+ Kc5 53. f5 b5 54. Rg8 Ra1 55. g6 b4 56. Rc8+ Kd5 57. g7 1-0

[Event "4NCL Division Two"]
[Site "Milton Keynes, ENG"]
[Date "2023.04.29"]
[Round "9.52"]
[White "Jackson, Sheila"]
[Black "Zakarian, David"]
[Result "0-1"]
[WhiteElo "2132"]
[BlackElo "2306"]
[PlyCount "66"]
[EventDate "2023.04.29"]
[WhiteTeam "Spirit of Atticus"]
[BlackTeam "Oxford 1"]

1. e4 c5 2. Nf3 Nc6 3. Bb5 e6 4. O-O Nge7 5. d4 cxd4 6. Nxd4 Qb6 7. Nxc6 bxc6
8. Bd3 Ng6 9. Nc3 Be7 10. Na4 Qa5 11. c4 O-O 12. Bd2 Qc7 13. f4 d6 14. Rc1 Bf6
15. Be3 c5 16. b3 Ne7 17. Bb1 Rd8 18. Qh5 g6 19. Qh6 Bg7 20. Qh4 Re8 21. Rf3 f5
22. e5 dxe5 23. fxe5 Nc6 24. Nxc5 Nxe5 25. Rh3 Ng4 26. Qxh7+ Kf7 27. Nxe6 Bxe6
28. Bd4 Nf6 29. Bxf6 Kxf6 30. Rg3 Qxg3 31. hxg3 Rh8 32. Qxh8 Rxh8 33. Rd1 Bf8
0-1

[Event "4NCL Division Two"]
[Site "Milton Keynes, ENG"]
[Date "2023.04.29"]
[Round "9.53"]
[White "Gerlagh, Joris"]
[Black "Carleton, John J"]
[Result "1-0"]
[WhiteElo "2294"]
[BlackElo "2107"]
[PlyCount "55"]
[EventDate "2023.04.29"]
[WhiteTeam "Oxford 1"]
[BlackTeam "Spirit of Atticus"]

1. e4 c6 2. d4 d5 3. e5 Bf5 4. Nc3 e6 5. g4 Bg6 6. Nge2 c5 7. Be3 Nc6 8. dxc5
Nh6 9. Nd4 a6 10. Nxc6 bxc6 11. Be2 f6 12. Qd4 Nf7 13. exf6 gxf6 14. Qa4 Qc7
15. f4 Bh6 16. h4 d4 17. Qxd4 Rd8 18. Qc4 O-O 19. Ne4 Bg7 20. Bd3 f5 21. gxf5
Bxf5 22. O-O-O Kh8 23. Rhg1 e5 24. Nd6 Bxd3 25. Qxd3 Nxd6 26. cxd6 Qf7 27. fxe5
Bxe5 28. Bd4 1-0

[Event "4NCL Division Two"]
[Site "Milton Keynes, ENG"]
[Date "2023.04.29"]
[Round "9.54"]
[White "Ackley, Peter J E"]
[Black "Powierski, Emil"]
[Result "0-1"]
[WhiteElo "2079"]
[BlackElo "2282"]
[PlyCount "79"]
[EventDate "2023.04.29"]
[WhiteTeam "Spirit of Atticus"]
[BlackTeam "Oxford 1"]

1. g3 e5 2. c4 Nf6 3. Bg2 c6 4. d4 exd4 5. Qxd4 d5 6. Nc3 Na6 7. cxd5 Nb4 8.
Qd1 Nbxd5 9. Nxd5 Nxd5 10. Nf3 Bb4+ 11. Bd2 Qe7 12. Bxb4 Qxb4+ 13. Qd2 a5 14.
O-O O-O 15. Rfd1 Nf6 16. Qc2 Re8 17. Rd2 Bg4 18. Rad1 Qb5 19. Nd4 Qe5 20. Bf3
Bh3 21. Bg2 Bxg2 22. Kxg2 Qd5+ 23. Kg1 Qxa2 24. Nf5 Ne4 25. Rd7 Qe6 26. Nh4 b5
27. Ng2 Nf6 28. Nf4 Qe5 29. R7d6 c5 30. e3 c4 31. h4 h6 32. R1d4 a4 33. Kg2 a3
34. bxa3 Rxa3 35. Qb2 Raa8 36. Qb4 Ra4 37. Qb1 Raa8 38. Qb4 Rab8 39. Nd5 Ne4
40. Kg1 0-1

[Event "4NCL Division Two"]
[Site "Milton Keynes, ENG"]
[Date "2023.04.29"]
[Round "9.55"]
[White "Anand, Batsukh"]
[Black "Phillips, David A"]
[Result "1-0"]
[WhiteElo "2200"]
[BlackElo "2096"]
[PlyCount "107"]
[EventDate "2023.04.29"]
[WhiteTeam "Oxford 1"]
[BlackTeam "Spirit of Atticus"]

1. Nf3 Nf6 2. g3 g6 3. b3 Bg7 4. Bb2 c5 5. c4 Nc6 6. Bg2 O-O 7. O-O Re8 8. Nc3
d5 9. Nxd5 Nxd5 10. Bxg7 Kxg7 11. cxd5 Qxd5 12. Rc1 Bd7 13. Qc2 Rac8 14. Qxc5
Qxc5 15. Rxc5 Nd4 16. Re5 f6 17. Re3 Nc2 18. Rc3 Nb4 19. Ra1 e5 20. Ne1 b6 21.
Bb7 Rxc3 22. dxc3 Rb8 23. Bf3 Na6 24. Rd1 Be6 25. Nc2 Nc5 26. c4 e4 27. Bg2 f5
28. f3 exf3 29. Bxf3 a5 30. Rd6 Kf6 31. Nd4 Ke5 32. Nb5 a4 33. Bd5 axb3 34.
axb3 Bd7 35. b4 Bxb5 36. bxc5 bxc5 37. Re6+ Kd4 38. e3+ Kd3 39. cxb5 Rxb5 40.
Bg2 c4 41. Bf1+ Kc3 42. Rc6 Rb4 43. Rc7 Kb3 44. Rxh7 c3 45. Rc7 Kc2 46. Kf2 Rb2
47. Be2 Kd2 48. Rd7+ Kc1 49. Rd1+ Kc2 50. Rd6 Kb1 51. Rxg6 c2 52. Bd3 Ka1 53.
Ra6+ Kb1 54. Rc6 1-0

[Event "4NCL Division Two"]
[Site "Milton Keynes, ENG"]
[Date "2023.04.29"]
[Round "9.56"]
[White "Doran, Chris"]
[Black "Zakarian, Dimitrios Levon"]
[Result "0-1"]
[WhiteElo "2016"]
[BlackElo "2097"]
[PlyCount "36"]
[EventDate "2023.04.29"]
[WhiteTeam "Spirit of Atticus"]
[BlackTeam "Oxford 1"]

1. e4 c5 2. Nf3 e6 3. Nc3 a6 4. d4 cxd4 5. Nxd4 Qc7 6. Bd3 Nf6 7. O-O Nc6 8.
Be3 Be7 9. a4 O-O 10. f4 Bc5 11. Nce2 Ng4 12. Qd2 d6 13. b4 Bxb4 14. c3 Nxe3
15. Qxe3 Bc5 16. e5 dxe5 17. Qh3 f5 18. fxe5 Nxe5 0-1

[Event "4NCL Division Two"]
[Site "Milton Keynes, ENG"]
[Date "2023.04.29"]
[Round "9.57"]
[White "Hansen, Hans-Peter"]
[Black "Latham, David"]
[Result "1-0"]
[WhiteElo "2154"]
[BlackElo "2038"]
[PlyCount "113"]
[EventDate "2023.04.29"]
[WhiteTeam "Oxford 1"]
[BlackTeam "Spirit of Atticus"]

1. Nf3 Nf6 2. c4 e6 3. g3 b6 4. Bg2 Bb7 5. O-O c5 6. Nc3 Be7 7. d4 cxd4 8. Qxd4
d6 9. Rd1 a6 10. b3 Nbd7 11. e4 Qc7 12. Ba3 Nc5 13. e5 dxe5 14. Qxe5 Rc8 15.
Qxc7 Rxc7 16. Bc1 Nfe4 17. Nxe4 Bxe4 18. Bf4 Rc8 19. Ne5 Bxg2 20. Kxg2 Bf6 21.
Rac1 g5 22. Ng4 gxf4 23. Nxf6+ Ke7 24. Nh5 fxg3 25. hxg3 Rhd8 26. Nf4 Ne4 27.
Re1 Nf6 28. Kf3 Rd2 29. Re2 Rxe2 30. Kxe2 Nd7 31. Nd3 Nc5 32. Rh1 Nxd3 33. Kxd3
Rh8 34. Rh6 f6 35. b4 e5 36. c5 Rd8+ 37. Kc3 bxc5 38. bxc5 Ke6 39. Rxh7 Rd1 40.
Ra7 Rc1+ 41. Kb4 Rb1+ 42. Ka3 Kd5 43. Rxa6 Kxc5 44. Rxf6 Kd4 45. Rf3 e4 46. Rf4
Kd3 47. Ka4 Rb2 48. a3 e3 49. fxe3 Rg2 50. g4 Kxe3 51. Rb4 Ra2 52. g5 Rg2 53.
Rb5 Kd4 54. Ka5 Kc4 55. a4 Re2 56. g6 Re7 57. Rg5 1-0

[Event "4NCL Division Two"]
[Site "Milton Keynes, ENG"]
[Date "2023.04.29"]
[Round "9.58"]
[White "Darling, Tom"]
[Black "Arora, Tashika"]
[Result "1-0"]
[WhiteElo "1957"]
[BlackElo "2028"]
[PlyCount "119"]
[EventDate "2023.04.29"]
[WhiteTeam "Spirit of Atticus"]
[BlackTeam "Oxford 1"]

1. e4 e5 2. f4 exf4 3. Nf3 g5 4. Nc3 Bg7 5. d4 d6 6. g3 g4 7. Nh4 f3 8. Be3 Nc6
9. Qd2 h5 10. O-O-O Bd7 11. Kb1 Bh6 12. Re1 Bxe3 13. Qxe3 Nge7 14. h3 Ng6 15.
Nf5 Nce7 16. hxg4 hxg4 17. Rxh8+ Nxh8 18. Qh6 Bxf5 19. exf5 Kd7 20. Qg5 Nc6 21.
Qxg4 Qg8 22. Qxf3 Nxd4 23. Qxb7 Rb8 24. Qxa7 Qxg3 25. Re7+ Kxe7 26. Qxc7+ Kf8
27. Qxb8+ Kg7 28. f6+ Kh7 29. Bd3+ Ng6 30. a3 Qe1+ 31. Ka2 Qe6+ 32. b3 Nc6 33.
Qb5 Nce5 34. Ne4 Kh6 35. Qa6 d5 36. Qxe6 fxe6 37. Nc5 Nf4 38. a4 Nc6 39. Bb5
Na7 40. Bd7 e5 41. Ne6 Kg6 42. Nxf4+ exf4 43. Be6 d4 44. f7 Kg7 45. Bd5 f3 46.
Bxf3 Kxf7 47. Bb7 Ke7 48. Ka3 Kd6 49. Kb4 Kc7 50. Be4 Nc8 51. Kc4 Kb6 52. b4
Nd6+ 53. Kxd4 Ne8 54. c4 Nc7 55. c5+ Ka7 56. b5 Ne6+ 57. Kc4 Kb8 58. b6 Nd8 59.
Bd5 Kc8 60. a5 1-0

[Event "4NCL Division Two"]
[Site "Milton Keynes, ENG"]
[Date "2023.04.29"]
[Round "9.61"]
[White "Taylor, Adam A"]
[Black "Price, Gwilym"]
[Result "1-0"]
[WhiteElo "2259"]
[BlackElo "2159"]
[PlyCount "130"]
[EventDate "2023.04.29"]
[WhiteTeam "North East England"]
[BlackTeam "The Sharks 2"]

1. Nf3 Nf6 2. g3 g6 3. Bg2 Bg7 4. O-O O-O 5. d4 d6 6. a4 Nbd7 7. a5 d5 8. c4 c6
9. cxd5 cxd5 10. Nc3 Nb8 11. Ne5 e6 12. Bf4 Nh5 13. Be3 Nc6 14. Nxc6 bxc6 15.
Qd2 Re8 16. Rfc1 Ba6 17. Na4 Bb5 18. Nc5 e5 19. dxe5 Bxe5 20. Rc2 Nf6 21. Bg5
Qd6 22. Rd1 Nd7 23. Nxd7 Qxd7 24. b3 Rac8 25. Bf3 Bg7 26. Bh6 Bh8 27. Be3 Bg7
28. Kg2 Qf5 29. Bxa7 Bf8 30. Bc5 Bg7 31. Ra2 Ra8 32. Bd4 Bf8 33. Bc3 Bc5 34.
Bd4 Bf8 35. h4 Ra6 36. Ba1 Bg7 37. Bxg7 Kxg7 38. Rc1 h5 39. Rc5 Qf6 40. Qb4 Ra7
41. Bxd5 Re5 42. Rxb5 cxb5 43. e4 Qa6 44. Qd4 f6 45. b4 Ree7 46. Rc2 Rac7 47.
Rc5 Qa7 48. Qc3 Rxc5 49. bxc5 Qb8 50. c6 Ra7 51. Qc5 Qc7 52. Qb6 Kh7 53. Kf3
Qe7 54. Qb8 Qg7 55. Qxb5 Qe7 56. Qb8 Qg7 57. Qd8 Rc7 58. a6 g5 59. Qe8 Kh6 60.
hxg5+ Kxg5 61. Qd8 Kh6 62. Qd6 Qg4+ 63. Kg2 Qg7 64. Be6 Ra7 65. Bf5 Qe7 1-0